000 00409nam a2200169Ia 4500
005 20240614021728.0
008 240331s9999 xx 000 0 und d
082 _bSAT
_a346
100 _aSathe, S.P
245 0 _aTowards gender justice
_cS.P. Sathe
260 _aBombay
_bResearch Centre for Women's Studies
_c1993
300 _a88 p .,
650 _aGender
650 _aLaw
650 _asex
942 _cL
999 _c2809
_d2809